000 00659nam a2200241 i 4500
001 C2-0288526
003 PPAK
005 20180728021616.0
008 080520s2006 nyua|||| ||||| | eng d
020 _a0670058920
040 _aPPAK
_beng
_cPPAK
_erda
082 0 4 _a150.19
_223
090 0 0 _a150.19
_bKRU
_dLCK
100 1 _aKrull, Kathleen,
_eauthor
245 1 0 _aSigmund Freud
264 1 _aNew York :
_bPenguin Group ,
_c2006
300 _a144 pages :
_billustrations ;
_c22 cm
336 _2rdacontent
_atext
337 _2rdamedia
_aunmediated
338 _2rdacarrier
_avolume
650 1 0 _aPsychoanalysts - Austria - Biography
942 _ddc
_cB
999 _c94133
_d94133